000 00841nam a2200253Ia 4500
003 OSt
005 20220923211154.0
006 a|||||r|||| 00| 0
007 ta
008 Pun
020 _a8187654929 (hbk)
_c880
024 _a271,203
037 _b663, 03/06/2013, H.K. Prakashan
_cTextual
040 _aARTS
_cARTS
_bPun
041 _2Pun
_aPun
082 _aQ8441xJ63, 153Q3
100 _aਬਤਰਾ, ਰਮਨੀ
_9159132
245 0 _aਗੁਰੂ ਅਰਜਨ ਬਾਣੀ ਵਿਚ ਭਾFਾਈ ਸੰਚਾਰ ਜੁਗਤਾਂ
260 _aਦਿੱਲੀ
_b ਮਨਪ੍ਰੀਤ ਪ੍ਰਕਾFਨ
_c2013
300 _a264ਪੰ
_ccm.
650 _aਧਰਮ
_9159133
942 _hQ8441xJ63, 153Q3
_cTEXL
_2CC
999 _c296327
_d296327